000 00838nam a2200193Ia 4500
008 151121s9999||||xx |||||||||||||| ||und||
082 _a136।7/ काळे
082 _bHNW-57895
100 _aकाळे प्रेमला -संपा
245 _aअपवादात्मक बालकांचे मानसशास्त्र
260 _b"मॅजेस्टिक प्रकाशन,मुंबई।"
260 _c--
300 _a233
600 _aकाळे प्रेमला -संपा
630 _aअपवादात्मक बालकांचे मानसशास्त्र
700 _aकाळे प्रेमला -संपा
730 _aअपवादात्मक बालकांचे मानसशास्त्र
942 _cBOOK
999 _c1239940
_d1239937